| 000 | 01265cam a2200241 4500 | ||
|---|---|---|---|
| 001 | ##L128796 | ||
| 008 | 050214n2004 000 0 eng u | ||
| 020 | _a0117031577 | ||
| 035 | _a(Sirsi) u128796 | ||
| 041 | 0 | _aeng | |
| 050 | 4 | _a692.5 $2 18 | |
| 110 | 2 |
_aCarillion Services _93856 |
|
| 245 | 0 | 0 | _aPSA schedule of rates for building works 2005 |
| 250 | _a9th ed. | ||
| 260 |
_aLondon _bTSO _c2004 |
||
| 300 |
_a620p. _c30cm. |
||
| 350 | _a250 | ||
| 505 | 1 | _aGeneral directions -- Employer's requirements -- Contractor's general cost items -- Cleaning, renovation and alteration -- Groundwork -- In situ concrete -- Masonry -- Structural and carcassing metal and timber -- Cladding and covering -- Waterproofing -- Linings, sheathing and dry partitioning -- Windows, doors and stairs -- Surface finishes -- Furniture and equipment -- Building fabric sundries -- Paving, planting and fencing -- disposal systems -- Piped supply systems -- Fixings | |
| 520 | _aNinth edition of the definitive guide for estimating, tendering and contracting work in the construction industry, containing over 18 000 priced items. Aimed at measured term contract procurement. | ||
| 651 | 4 |
_aUnited Kingdom _y |
|
| 690 | _aBUILT ENVIRONMENT-BUILDING COSTS | ||
| 942 | _n0 | ||
| 999 |
_c104019 _d104019 |
||